| 000 | 00592nam a2200193 i 4500 | ||
|---|---|---|---|
| 001 | 95011 | ||
| 003 | ES-MaACL | ||
| 005 | 20240607062954.0 | ||
| 007 | t| | ||
| 008 | 050519s1981 sp ||||1| spa d | ||
| 100 | 1 |
_aLuis, Leopoldo de, _d1918-2005 _974682 |
|
| 245 | 1 | 0 |
_aEntre caƱones me miro / _cLeopoldo de Luis. |
| 260 |
_aMadrid : _bAyuntamiento, _c1981. |
||
| 300 |
_a81 p. ; _c22 cm. |
||
| 500 | _3Premio "Francisco de Quevedo" del Ayuntamiento de Madrid | ||
| 710 | 1 |
_aMadrid. _bAyuntamiento _9234069 |
|
| 852 |
_aES-MaACL _jL-5601 _bR.106063 |
||
| 999 |
_c95011 _d95011 |
||